|
|
|
|
| LEADER |
01085nab a2200169 i 4500 |
| 001 |
univ74513 |
| 005 |
20250530134436.0 |
| 008 |
250530s2025 hu o 000 hun d |
| 040 |
|
|
|a SZTE UnivHistória Repozitórium
|b hun
|
| 041 |
|
|
|a hun
|
| 245 |
0 |
0 |
|a HU-rizont program
|h [elektronikus dokumentum] :
|b októberben várható döntés a nyertes projektekről
|
| 260 |
|
|
|c 2025-05-29
|
| 490 |
0 |
|
|a Mti.hu
|
| 561 |
|
|
|a Egyetemi hirarchívum
|
| 695 |
|
|
|a HU-rizont - nemzetközi kiválósági kutatási együttműködési program, Pályázat, Együttműködés - University of Cambridge, Bódis László - innovációért felelős helyettes államtitkár, Kulturális és Innovációs Minisztérium (KIM)
|
| 856 |
4 |
0 |
|u http://univ.bibl.u-szeged.hu/74513/1/Nemzeti%20H%C3%ADr%C3%BCgyn%C3%B6ks%C3%A9g%20-%20HU-rizont%20program%20-%20Okt%C3%B3berben%20v%C3%A1rhat%C3%B3%20d%C3%B6nt%C3%A9s%20a%20nyertes%20projektekr%C5%91l.pdf
|z Dokumentum-elérés
|
| 856 |
4 |
0 |
|u http://univ.bibl.u-szeged.hu/74513/2/B%C3%B3dis%20L%C3%A1szl%C3%B3%20-%20HU-RIZONT%20program%2005.29.-20250529T083856-0-0.mp4
|z Dokumentum-elérés
|